Kinshu: autumn brocade

Tallennettuna:
Bibliografiset tiedot
Päätekijä: Miyamoto, Teru (autor)
Aineistotyyppi: Kirja
Kieli:englanti
Julkaistu: Nueva York New Directions Books 2005
Painos:1a. ed
Aiheet:
Tagit: Lisää tagi
Ei tageja, Lisää ensimmäinen tagi!

MARC

LEADER 00000nam a2200000 a 4500
001 UCI0598
003 CL-VaPUC
008 070518e20050000US |||||||||||||||||eng|d
020 |a 0811216330 
082 0 4 |a 895.603  |b MIY  |2 21 
100 |a Miyamoto, Teru  |e autor  |9 520727 
245 1 0 |a Kinshu: autumn brocade 
250 |a 1a. ed 
300 |a 196 p 
942 |c BK 
945 |d 20070518 00:00:00  |a cmena 
260 |a Nueva York  |b New Directions Books  |c 2005 
650 7 |a NOVELAS JAPONESAS  |2 CL-VaPUC  |9 520728 
650 0 |a Literatura japonesa  |9 266543 
583 |a last modification  |c 20070518 00:00:00  |k Rodrigo Vera 
999 |c 325675  |d 325673 
952 |0 0  |1 0  |4 0  |6 895_603000000000000_MIY_2005  |7 0  |8 A  |9 406916  |a BIBGIM  |b BIBGIM  |d 2019-11-22  |i 4244370  |o 895.603 MIY 2005  |p 4244370  |r 2025-01-15  |w 2019-11-22  |y BK  |k ORI